| 000 | 00463nam a2200181Ia 4500 | ||
|---|---|---|---|
| 001 | 7337 | ||
| 005 | 20260306160448.0 | ||
| 008 | 260306t2010||||xx |||||||||||||| ||spa|| | ||
| 041 | _aESP | ||
| 082 |
_a338.5 _bS21 |
||
| 100 |
_aSanz Arlegui, Javier _eAUT |
||
| 245 | 0 | _aAnálisis y gestión de riesgos en proyectos de internacionalización | |
| 260 | _c2010 | ||
| 300 |
_a39 páginas : _c29 cm. |
||
| 650 | _aGEN | ||
| 654 | _aCAN | ||
| 942 |
_cLIB _dJUS _fJUS _2ddc _n |
||
| 999 |
_c7337 _d7337 |
||